000
00227nam a22001097a 4500
003
OSt
008
250101b |||||||| |||| 00| 0 eng d
041
_a
eng
100
_a
Gwen Goss
_9
6724
245
_a
First Farmers 1
942
_c
BK
999
_c
18831
_d
18831